00383nam a2200133Ia 4500008004100000020001800041041000800059082002200067100003100089245006500120260003900185300001200224365001300236210423s2008 xx 000 0 und d a9780761936121 aeng a303.48330954 SAIA aSAITH (Ashwani);others,Ed. aICTs and Indian social change: diffusion poverty governance. aNew DelhibSage Publicationsc2008 a418bHB b750cINR